|
|
|
|
| LEADER |
00000cam a2200000 7i4500 |
| 001 |
0000001492 |
| 005 |
20020313.0 |
| 090 |
0 |
0 |
|a 634.973748
|b ITO 1994
|
| 100 |
1 |
0 |
|a ITO
|h Shinichiro
|c 1945-
|
| 245 |
1 |
0 |
|a Heart rot on acacia mangium in SAFODA plantations : study report
|c reported by Shin-ichiro Ito, Latiff Haji Nanis
|
| 260 |
0 |
0 |
|a Kota Kinabalu, Sabah :
|b Sabah Forestry Development Authority : Sabah Re-Afforestation Technical Development and Training Project; [Tokyo] : Japan Technical Cooperation Agency ,
|c [1994]
|
| 300 |
|
|
|a 52 p. :
|b ill. ;
|c 30 cm.
|
| 500 |
0 |
0 |
|a Bibliography : (p. 13-14)
|
| 650 |
0 |
0 |
|a Acacia
|
| 650 |
0 |
0 |
|a Mangium
|
| 700 |
0 |
1 |
|a Latiff Haji Nanis
|
| 998 |
|
|
|a JPSM
|
| 999 |
|
|
|a 0000000248
|b Monograph
|c Open Shelf
|e Default branch
|
| 999 |
|
|
|a 0000000420
|b Monograph
|c Open Shelf
|e Default branch
|
| 999 |
|
|
|a 0000000421
|b Monograph
|c Open Shelf
|e Default branch
|
| 999 |
|
|
|a 0000000422
|b Monograph
|c Open Shelf
|e Default branch
|
| 999 |
|
|
|a 0000000423
|b Monograph
|c Open Shelf
|e Default branch
|
| 999 |
|
|
|a 0000000424
|b Monograph
|c Open Shelf
|e Default branch
|
| 999 |
|
|
|a 0000000425
|b Monograph
|c Open Shelf
|e Default branch
|
| 999 |
|
|
|a 0000000426
|b Monograph
|c Reference
|e Default branch
|
| 999 |
|
|
|a 0000000427
|b Monograph
|c Open Shelf
|e Default branch
|
| 999 |
|
|
|a 0000000428
|b Monograph
|c Open Shelf
|e Default branch
|